000 01048nam a2200241Ia 4500
001 945.092 092-AGA re ca (11906)
003 IT-MiSPE
008 171229s9999||||xx |||||||||||||| ||und||
040 _aIT-MiSPE
_cIT-MiSPE
041 _aITALIANO
100 _aRenzo Agasso
245 0 _aCaselli
_bUn uomo, un giudice
250 _a1a ed. (v)
260 _aMilano
_bPaoline
_c1995
300 _a186 p.
_c21 cm
490 _aUomini e donne
_v31
501 _aEdizioni San Paolo srl - Piazza Soncino, 5 - 20092 CINISELLO BALSAMO (MI) (non commercial uses only) ® Copyright 2018
520 _adon Ciotti (interventi). Tav.
700 _aAntonio Caponnetto
942 _cBK
957 _71
999 _a19572
_bNO
_g Copie: 1
_c357212
_d357212